Missing Word: Forrest Gump Quotes Quiz Stats

 Plays Quiz Updated Oct 11, 2014

Challenge
Share
Tweet
Embed
Score 0/22 Timer 05:00
4 Plays Today
Quote Missing Word % Correct
My momma always said, 'Life was like a box of _____.'chocolates
97.5%
Stupid is as stupid _____.does
94.4%
Me and Jenny goes together like _____ and carrots.peas
93.9%
I'd make a good _____, Jenny.husband
90.5%
That's all I have to _____ about that.say
84.9%
Have you ever been with a _____, Forrest?girl
80.3%
You're his _____, Forrest. daddy
69.5%
I gotta find _____! Bubba
67.7%
Oh, yes sir. Bit me right in the _____.buttocks
64.1%
He should not be _____ you, Jenny.hitting
62%
Dear God, make me a _____.bird
59.8%
Quote Missing Word % Correct
Mama always said, _____ was a part of life.dying
56.9%
Lieutenant Dan got me invested in some kind of fruit _____.company
56.8%
Teaching him how to play _____.ping-pong
52.7%
You are gonna be a general someday, Gump, now disassemble your _____ and continue.weapon
49.2%
I'm here to try out my _____ legs. sea
45.4%
She tasted like _____. cigarettes
45.3%
Mama says they was _____ shoes.magic
43.9%
I'm sorry I had to _____ in the middle of your Black Panther party. fight
43.9%
We was always taking long walks, and we was always looking for a guy named _____.Charlie
42.3%
Do you think I could fly off this _____, Forrest? bridge
39.5%
Have you found _____ yet, Gump?Jesus
38.4%

Today's Daily Dose

You're not logged in!

Compare scores with friends on all Sporcle quizzes.
Join for Free
OR
Log In

You Might Also Like...

Show Comments

Extras

Top Quizzes Today


Score Distribution

Your Account Isn't Verified!

In order to create a playlist on Sporcle, you need to verify the email address you used during registration. Go to your Sporcle Settings to finish the process.

Report this User

Report this user for behavior that violates our Community Guidelines.

Details: